Strategy making in the EU from foreign and security policy to external action

Saved in:
Bibliographic Details
Main Author: MORLLAS, Pol
Format: Book
Language:English
Published: Palgrave Macmillan 2019
Tags: Add Tag
No Tags, Be the first to tag this record!

MARC

LEADER 00000nam a22000007a 4500
008 231219b |||||||| |||| 00| 0 eng d
020 |a 9783319986265 
100 |a MORLLAS, Pol 
245 |a Strategy making in the EU   |b from foreign and security policy to external action  |c /Pol Morillas  |g xiii, 203p 
260 |b Palgrave Macmillan  |c 2019  |h Barcelona, Spain  |i 699832  |i 699832  |l JN30.M81  |m European union  |m International organization  |m International relations  |m Security, International 
500 |a it includes reference and index 
942 |a lcc  |c BK  |e Johnson  |f 19/12/23 
952 |0 0  |1 0  |2 lcc  |4 0  |6 JN0030 M81  |7 0  |9 4686  |a SSL  |b HOL  |c GJ  |d 2023-12-19  |l 0  |o JN30.M81  |p 2023-0600  |r 2023-12-19 00:00:00  |t 699832  |w 2023-12-19  |y BK 
952 |0 0  |1 0  |2 lcc  |4 0  |6 JN0030 M81  |7 0  |9 4687  |a HOL  |b HOL  |c GJ  |d 2023-12-19  |l 0  |o JN30.M81  |p 2023-0601  |r 2023-12-19 00:00:00  |t 699833  |w 2023-12-19  |y BK 
999 |c 2349  |d 2349